000 00721nam a22002177a 4500
999 _c7349
_d7349
003 OSt
005 20211007174905.0
008 211007b ||||| |||| 00| 0 eng d
020 _a9781787125933
040 _cDDC
082 _a004 RAS 2017
100 _a Raschka, Sebastian:Vahid Mirajalili
_915058
245 _aPython machine learning :
_bmachine learning and deep learning with Python, scikit-learn, and TensorFlow
250 _aSecond edition
260 _aBirmingham, UK :
_b Packt Publishing,
_c 2017
300 _axviii, 595 pages :
_billustrations ;
_c24 cm
504 _aIncludes index.
650 _aPython (Computer program language)
_914043
650 _aMachine learning
_914260
942 _2ddc
_cBOOK